000 00386nam a2200169Ia 4500
008 110201s9999 xx 000 0 und d
082 _bB7041
_aE 261
100 _aEnid blyton
245 _aSunshine book
260 _bDean and Son ltd
365 _b0
600 _aEnid blyton
630 _aSunshine book
700 _aEnid blyton
730 _aSunshine book
942 _cBOOK
999 _c832608
_d832605